000
00314nam a2200121Ia 4500
008
220204s9999 xx 000 0 und d
082
_a
677.02
_b
MOR
100
_a
Hearle, J W S
245
0
_a
Physical properties of textile fibres
260
_a
Heinemann
_b
Textile inst
_c
1975
700
_a
Morton, W E
942
_c
BK
999
_c
24942
_d
24942